[Event "Issykkul op"]
[Site "Korumdu"]
[Date "2023.07.20"]
[Round "10"]
[White "Momeni, Ebrahim"]
[Black "Sultanbek, Zeinep"]
[Result "1-0"]
[WhiteElo "2145"]
[BlackElo "2038"]
[PlyCount "73"]
[EventDate "2023.07.12"]
[EventType "swiss"]
[EventRounds "10"]
[EventCountry "KGZ"]
[SourceTitle "CBM 215 Extra"]
[Source "ChessBase"]
[SourceDate "2023.09.30"]
[SourceVersion "1"]
[SourceVersionDate "2023.09.30"]
[SourceQuality "1"]

1. c4 Nf6 2. Nc3 g6 3. g3 Bg7 4. Bg2 0-0 5. e4 d6 6. Nge2 c5 7. d3 Nc6 8. 0-0 a6 9. a4 Rb8 10. Rb1 Ne8 11. Be3 Nc7 12. d4 cxd4 13. Nxd4 Ne6 14. Nde2 Ne5 15. b3 Ng4 16. Bd2 Bd7 17. h3 Nf6 18. Be3 Bc6 19. b4 b6 20. Qd2 a5 21. e5 Bxg2 22. exf6 Bxf1 23. fxg7 Nxg7 24. Rxf1 Nf5 25. Nd4 Nxe3 26. Qxe3 Rc8 27. b5 Rxc4 28. Nc6 Qe8 29. Nd5 Rxa4 30. Qc3 Re4 31. Ncxe7+ Qxe7 32. Nxe7+ Rxe7 33. Qc6 Rb8 34. Rd1 Ree8 35. Qxd6 h5 36. Kg2 Kg7 37. g4 1-0

[Event "Issykkul op"]
[Site "Korumdu"]
[Date "2023.07.17"]
[Round "7"]
[White "Momeni, Ebrahim"]
[Black "Botiraliev, Abdumajid"]
[Result "0-1"]
[WhiteElo "2145"]
[BlackElo "2001"]
[PlyCount "82"]
[EventDate "2023.07.12"]
[EventType "swiss"]
[EventRounds "10"]
[EventCountry "KGZ"]
[SourceTitle "CBM 215 Extra"]
[Source "ChessBase"]
[SourceDate "2023.09.30"]
[SourceVersion "1"]
[SourceVersionDate "2023.09.30"]
[SourceQuality "1"]

1. c4 Nf6 2. Nc3 e6 3. e4 c5 4. e5 Ng8 5. Nf3 Nc6 6. d4 cxd4 7. Nxd4 Nxe5 8. Ndb5 a6 9. Nd6+ Bxd6 10. Qxd6 f6 11. Be3 Ne7 12. Bb6 Nf5 13. Qb4 Nc6 14. Qc5 d6 15. Bxd8 dxc5 16. Bb6 Ne5 17. Bxc5 g5 18. 0-0-0 Bd7 19. Be2 h5 20. Ne4 Kf7 21. Bd6 Ng6 22. Rhe1 Bc6 23. Bf1 Rac8 24. Bb4 Rhd8 25. Nd6+ Nxd6 26. Rxd6 Rxd6 27. Bxd6 Bd5 28. b3 b5 29. c5 Nh4 30. Kb2 Bxg2 31. Bd3 Bc6 32. a4 Nf3 33. Ra1 Rd8 34. axb5 axb5 35. Ra6 Nd4 36. f4 gxf4 37. Bxf4 e5 38. Be3 Be8 39. Bxd4 Rxd4 40. Kc3 b4+ 41. Kc2 Rxd3 0-1

[Event "Issykkul op"]
[Site "Korumdu"]
[Date "2023.07.12"]
[Round "2"]
[White "Orozbaev, Eldiar"]
[Black "Momeni, Ebrahim"]
[Result "1/2-1/2"]
[WhiteElo "2281"]
[BlackElo "2145"]
[PlyCount "143"]
[EventDate "2023.07.12"]
[EventType "swiss"]
[EventRounds "10"]
[EventCountry "KGZ"]
[SourceTitle "CBM 215 Extra"]
[Source "ChessBase"]
[SourceDate "2023.09.30"]
[SourceVersion "1"]
[SourceVersionDate "2023.09.30"]
[SourceQuality "1"]

1. e4 c5 2. Nf3 d6 3. c3 Nf6 4. h3 Nc6 5. Bd3 g6 6. Bc2 Bg7 7. 0-0 e5 8. d4 0-0 9. dxc5 dxc5 10. Qe2 Qc7 11. Na3 h6 12. Rd1 Be6 13. Be3 b6 14. Nc4 Nh5 15. Rd2 Nd4 16. cxd4 exd4 17. Bb3 dxe3 18. Nxe3 Nf4 19. Qa6 Bxb3 20. axb3 Qe7 21. Qa4 Rfe8 22. Nd5 Nxd5 23. exd5 Qd6 24. Qc4 Re7 25. Re1 Rae8 26. Rxe7 Rxe7 27. g3 Kh7 28. Kg2 a5 29. h4 Rd7 30. h5 g5 31. Qe4+ Kg8 32. Qf5 Rd8 33. Rd3 Bxb2 34. Nd2 Qf6 35. Qxf6 Bxf6 36. Nc4 Bd4 37. Nxb6 Rd6 38. Nc4 Rxd5 39. Nxa5 g4 40. Nc6 Rd6 41. Ne7+ Kf8 42. Nf5 Rd5 43. Ne3 Rg5 44. Nc2 Rxh5 45. b4 Bf6 46. b5 c4 47. Rd6 Kg7 48. b6 Rb5 49. Ne3 c3 50. Nxg4 c2 51. Rc6 Bd4 52. Rxc2 Rxb6 53. Rc4 Rd6 54. Nh2 Bf6 55. Rg4+ Kh7 56. Rf4 h5 57. Nf1 Kg6 58. Rc4 Rd5 59. Ne3 Rb5 60. Rc6 Kg7 61. Kf3 Bd4 62. Ng2 Rb2 63. Ne3 Bxe3 64. Kxe3 Rb4 65. Kf3 f6 66. Re6 Kg6 67. Re8 Ra4 68. Rg8+ Kf5 69. Rh8 Kg5 70. Kg2 Kg6 71. Kh3 Ra2 72. f4 1/2-1/2

[Event "Dubai op 16th"]
[Site "Dubai"]
[Date "2014.04.07"]
[Round "1"]
[White "Istratescu, Andrei"]
[Black "Momeni, Ebrahim"]
[Result "1-0"]
[WhiteElo "2667"]
[BlackElo "2194"]
[PlyCount "149"]
[EventDate "2014.04.07"]
[EventType "swiss"]
[EventRounds "9"]
[EventCountry "UAE"]
[SourceTitle "CBM 159 Extra"]
[Source "ChessBase"]
[SourceDate "2014.04.24"]
[SourceVersion "1"]
[SourceVersionDate "2014.04.24"]
[SourceQuality "1"]

1. e4 d5 2. exd5 Qxd5 3. Nf3 Nf6 4. d4 c6 5. Be2 Bg4 6. h3 Bh5 7. c4 Qd6 8. Qb3 Qc7 9. Nc3 Nbd7 10. Be3 e6 11. 0-0 Be7 12. Rfe1 0-0 13. Rac1 Rfe8 14. Qc2 a6 15. c5 Rad8 16. b4 Nd5 17. Nxd5 exd5 18. g4 Bg6 19. Qd2 h5 20. Bf4 Qc8 21. Ne5 Nxe5 22. Bxe5 hxg4 23. hxg4 Bf8 24. f3 f6 25. Bg3 Re6 26. Bf1 Rde8 27. Rxe6 Rxe6 28. a4 Qe8 29. Kf2 Be7 30. Ra1 Bd8 31. Qf4 Qd7 32. Qb8 Re8 33. Qd6 Qxd6 34. Bxd6 Be7 35. Bxe7 Rxe7 36. b5 a5 37. Ra2 Be8 38. Rb2 Kf7 39. Bd3 Rc7 40. Rb1 Bd7 41. bxc6 Bxc6 42. Bb5 Ke7 43. Ke3 g5 44. Rh1 Ke6 45. Rh8 Re7 46. Ra8 Kd7+ 47. Kf2 Rh7 48. Kg2 Rf7 49. Bd3 Bxa4 50. Rxa5 Bc6 51. Ra8 Ke7 52. Rh8 Rf8 53. Rh7+ Rf7 54. Rh6 Kf8 55. f4 Bd7 56. Bf5 Bxf5 57. gxf5 gxf4 58. Kf3 Ke7 59. Kxf4 Kd7 60. Kg4 Ke7 61. Rh1 Rg7+ 62. Kf3 Rg5 63. Rh7+ Ke8 64. Kf4 Rg1 65. Rxb7 Rf1+ 66. Ke3 Rxf5 67. Rb6 Ke7 68. Rd6 Rh5 69. Kd3 Rg5 70. Kc3 Rh5 71. Kb4 Rg5 72. Kb5 Rh5 73. Kc6 f5 74. Rxd5 Rh6+ 75. Kb7 1-0

[Event "Dubai op 14th"]
[Site "Dubai"]
[Date "2012.04.15"]
[Round "1"]
[White "Mchedlishvili, Mikheil"]
[Black "Momeni, Ebrahim"]
[Result "1-0"]
[WhiteElo "2626"]
[BlackElo "2145"]
[PlyCount "67"]
[EventDate "2012.04.15"]
[EventType "swiss"]
[EventRounds "9"]
[EventCountry "UAE"]
[SourceTitle "CBM 148 Extra"]
[Source "ChessBase"]
[SourceDate "2012.06.22"]
[SourceVersion "1"]
[SourceVersionDate "2012.06.22"]
[SourceQuality "1"]

1. c4 Nf6 2. Nc3 c6 3. Nf3 d5 4. d4 g6 5. Bg5 Bg7 6. e3 0-0 7. Be2 dxc4 8. Bxc4 Nbd7 9. 0-0 h6 10. Bh4 Nb6 11. Bb3 Bg4 12. h3 Bxf3 13. Qxf3 a5 14. a3 Nbd7 15. Ba2 a4 16. Rfd1 Qb6 17. Qe2 Ra5 18. Qc2 g5 19. Bg3 Rfa8 20. Rd2 e6 21. Rad1 h5 22. e4 h4 23. Bh2 g4 24. Kh1 e5 25. d5 Rc5 26. dxc6 Rxc6 27. Rxd7 Nxd7 28. Rxd7 gxh3 29. gxh3 Rd8 30. Bxf7+ Kf8 31. Rxd8+ Qxd8 32. Bd5 Rg6 33. f4 exf4 34. Ne2 1-0

[Event "Dubai op 10th"]
[Site "Dubai"]
[Date "2008.04.14"]
[Round "9"]
[White "Wang, Li"]
[Black "Momeni, Ebrahim"]
[Result "1-0"]
[WhiteElo "2407"]
[BlackElo "2253"]
[PlyCount "69"]
[EventDate "2008.04.06"]
[EventType "swiss"]
[EventRounds "9"]
[EventCountry "UAE"]
[SourceTitle "CBM 123 Extra"]
[Source "ChessBase"]
[SourceDate "2008.05.06"]
[SourceVersion "1"]
[SourceVersionDate "2008.05.06"]
[SourceQuality "1"]

1. e4 c5 2. Nf3 d6 3. d4 cxd4 4. Nxd4 Nf6 5. Nc3 Nc6 6. Bg5 e6 7. Qd2 Nxd4 8. Qxd4 Bd7 9. 0-0-0 Qa5 10. Bd2 Bc6 11. Kb1 Qc7 12. f3 a6 13. g4 b5 14. g5 Nd7 15. Qe3 Be7 16. h4 0-0 17. h5 Rfe8 18. g6 Bf6 19. Bd3 Ne5 20. Ne2 d5 21. Qf4 dxe4 22. fxe4 Rac8 23. gxh7+ Kh8 24. h6 Nxd3 25. hxg7+ Bxg7 26. Qxc7 Rxc7 27. cxd3 f5 28. Nf4 Bd4 29. Ng6+ Kg7 30. h8Q+ Rxh8 31. Nxh8 fxe4 32. Rh4 e5 33. Rdh1 e3 34. Rg4+ Kf8 35. Bb4+ 1-0

[Event "IRI-ch 18th"]
[Site "Tehran"]
[Date "2008.02.25"]
[Round "12"]
[White "Roghani, Arash"]
[Black "Momeni, Ebrahim"]
[Result "1-0"]
[WhiteElo "2362"]
[BlackElo "2263"]
[PlyCount "109"]
[EventDate "2008.02.16"]
[EventType "tourn"]
[EventRounds "13"]
[EventCountry "IRI"]
[EventCategory "2"]
[SourceTitle "CBM 123 Extra"]
[Source "ChessBase"]
[SourceDate "2008.05.06"]
[SourceVersion "1"]
[SourceVersionDate "2008.05.06"]
[SourceQuality "1"]

1. Nf3 Nf6 2. c4 g6 3. Nc3 Bg7 4. e4 d6 5. d4 0-0 6. Be2 e5 7. 0-0 Nc6 8. d5 Ne7 9. b4 Ne8 10. c5 h6 11. Nd2 f5 12. f3 f4 13. Nc4 g5 14. a4 Ng6 15. Ba3 Rf7 16. a5 Bf8 17. Na4 h5 18. b5 g4 19. fxg4 Qg5 20. gxh5 Nh4 21. Bf3 Bh3 22. Ra2 Rg7 23. Kh1 Bd7 24. b6 axb6 25. cxb6 c5 26. dxc6 Bxc6 27. Nc3 Rd8 28. Rd2 Nf6 29. Bxd6 Nxf3 30. Qxf3 Bxd6 31. Rxd6 Rxd6 32. Nxd6 Nxh5 33. Nf5 Rh7 34. Kg1 Nf6 35. Ne3 Rh4 36. Ncd5 Nxe4 37. Qxe4 fxe3 38. Qxe3 Qxe3+ 39. Nxe3 Ra4 40. Nf5 Be4 41. Nd6 Bd5 42. Nf5 Be4 43. Ng3 Bc6 44. Nf5 Be4 45. Nd6 Bd5 46. Rf5 Ra1+ 47. Kf2 Ra2+ 48. Ke3 Ra3+ 49. Kd2 Ra2+ 50. Kc3 Ra3+ 51. Kb4 Re3 52. Kc5 Bc6 53. a6 Rc3+ 54. Kb4 Rc1 55. a7 1-0

[Event "IRI-ch 18th"]
[Site "Tehran"]
[Date "2008.02.23"]
[Round "10"]
[White "Sharbaf, Mohsen"]
[Black "Momeni, Ebrahim"]
[Result "1-0"]
[WhiteElo "2407"]
[BlackElo "2263"]
[PlyCount "125"]
[EventDate "2008.02.16"]
[EventType "tourn"]
[EventRounds "13"]
[EventCountry "IRI"]
[EventCategory "2"]
[SourceTitle "CBM 123 Extra"]
[Source "ChessBase"]
[SourceDate "2008.05.06"]
[SourceVersion "1"]
[SourceVersionDate "2008.05.06"]
[SourceQuality "1"]

1. Nf3 d5 2. d4 Nf6 3. Nc3 g6 4. Bf4 Bg7 5. e3 0-0 6. Be2 Bg4 7. h3 Bxf3 8. Bxf3 c6 9. h4 Nbd7 10. h5 Re8 11. hxg6 fxg6 12. g4 e5 13. dxe5 Nxe5 14. g5 Nxf3+ 15. Qxf3 Ne4 16. Nxe4 Rxe4 17. Qh3 Qe7 18. Qxh7+ Kf7 19. 0-0-0 Ra4 20. Rh6 Qe6 21. Rdh1 Rg8 22. a3 Rc4 23. R1h4 Qf5 24. c3 b5 25. Bh2 Rh8 26. Qxh8 Bxh8 27. Rxh8 Rxh4 28. Rxh4 Qxg5 29. Rh7+ Ke6 30. Rc7 Qg2 31. Rxc6+ Kf5 32. Bg3 Qf1+ 33. Kd2 Qb1 34. b4 g5 35. Rc7 Qa2+ 36. Kd3 Qxa3 37. Rc5 Qb3 38. e4+ Kg4 39. exd5 Qd1+ 40. Ke4 Qe2+ 41. Kd4 Kf3 42. Rc6 Qe7 43. Re6 Qb7 44. Rf6+ Ke2 45. Be5 a5 46. bxa5 Qa7+ 47. Ke4 Qxa5 48. d6 Qa8+ 49. Kf5 Qd5 50. Rg6 Kxf2 51. Rg7 Kf3 52. d7 g4 53. Kf6 Ke3 54. Bd4+ Kd3 55. Ke7 Qe4+ 56. Kd6 Qa8 57. Bb6 Qf8+ 58. Re7 Qf4+ 59. Re5 Qh6+ 60. Kc7 Qg7 61. Rd5+ Kc4 62. Rc5+ Kd3 63. Kc8 1-0

[Event "IRI-ch 18th"]
[Site "Tehran"]
[Date "2008.02.20"]
[Round "6"]
[White "Salehian, Sina"]
[Black "Momeni, Ebrahim"]
[Result "0-1"]
[WhiteElo "2101"]
[BlackElo "2263"]
[PlyCount "126"]
[EventDate "2008.02.16"]
[EventType "tourn"]
[EventRounds "13"]
[EventCountry "IRI"]
[EventCategory "2"]
[SourceTitle "CBM 123 Extra"]
[Source "ChessBase"]
[SourceDate "2008.05.06"]
[SourceVersion "1"]
[SourceVersionDate "2008.05.06"]
[SourceQuality "1"]

1. e4 c5 2. Nc3 Nc6 3. Bb5 Qb6 4. d3 e6 5. Nge2 a6 6. Bxc6 Qxc6 7. 0-0 b5 8. Qe1 d6 9. f4 b4 10. Nd1 Ne7 11. Ne3 d5 12. exd5 Nxd5 13. Nc4 Be7 14. Ng3 0-0 15. Bd2 Bh4 16. Rf3 Qc7 17. Qe5 Qe7 18. Nh5 f6 19. Qe2 g6 20. Rh3 f5 21. Ng3 Bf6 22. Re1 Bd4+ 23. Kh1 Re8 24. Nf1 Qc7 25. Qf3 Bb7 26. Qg3 Rad8 27. Bc1 Nf6 28. Be3 Ng4 29. Bxd4 cxd4 30. Nfd2 Bd5 31. b3 Rd7 32. Nf3 Bxc4 33. bxc4 Qa5 34. Re2 Qxa2 35. Qe1 b3 36. cxb3 Qxb3 37. Rg3 Qb6 38. h3 Nf6 39. Ne5 Ra7 40. Rg5 a5 41. Qg3 Rg7 42. Qf2 a4 43. g4 a3 44. gxf5 exf5 45. Rg2 Ra8 46. Rc2 Rga7 47. c5 Qa5 48. Ra2 Qxc5 49. Qh4 Kg7 50. Qg5 Qc1+ 51. Kh2 Nd5 52. Raf2 Ra6 53. Qxf5 Ne3 54. Qf7+ Kh8 55. Rg1 Qc8 56. Ra1 R8a7 57. Qb3 Rb7 58. Qa2 Kg7 59. Rb1 Rc7 60. Qa1 Rc2 61. Qxd4 Rxf2+ 62. Kg1 Rg2+ 63. Kh1 Qxh3# 0-1

[Event "Fajr op 14th"]
[Site "Tehran"]
[Date "2006.01.28"]
[Round "5"]
[White "Abbasifar, Hasan"]
[Black "Momeni, Ebrahim"]
[Result "0-1"]
[WhiteElo "2353"]
[BlackElo "2190"]
[PlyCount "100"]
[EventDate "2006.01.24"]
[EventType "swiss"]
[EventRounds "9"]
[EventCountry "IRI"]
[SourceTitle "CBM 110 Extra"]
[Source "ChessBase"]
[SourceDate "2006.03.10"]
[SourceVersion "2"]
[SourceVersionDate "2006.03.10"]
[SourceQuality "1"]

1. d4 d5 2. e4 dxe4 3. Nc3 Nf6 4. f3 exf3 5. Nxf3 Bf5 6. Bc4 e6 7. 0-0 c6 8. Kh1 Nbd7 9. Bb3 Be7 10. h3 0-0 11. Nh4 Bg6 12. Nxg6 hxg6 13. Qf3 Nb6 14. Ne2 a5 15. a4 Nbd5 16. c4 Nb4 17. Bd2 Qc7 18. Bc3 Rad8 19. Rad1 b6 20. g4 c5 21. Kg2 Qc6 22. d5 exd5 23. Bxb4 axb4 24. cxd5 Qc7 25. Rc1 Qe5 26. Nf4 Bd6 27. Qe2 Qg5 28. Qf3 Rde8 29. Rc2 Re4 30. Ne2 Re3 31. h4 Qxh4 32. Qxe3 Qh2+ 33. Kf3 Re8 34. Qg1 Qh3+ 35. Kf2 Qh4+ 36. Kf3 Qh3+ 37. Kf2 Qxb3 38. Rfc1 Ne4+ 39. Kg2 Qxd5 40. Kf1 Nd2+ 41. Rxd2 Qxd2 42. Re1 c4 43. Qf2 Re3 44. Qh4 Bg3 45. Qxg3 Rxg3 46. Nxg3 Qf4+ 47. Kg2 c3 48. bxc3 bxc3 49. Re4 Qxe4+ 50. Nxe4 c2 0-1

[Event "Fajr op 14th"]
[Site "Tehran"]
[Date "2006.01.25"]
[Round "3"]
[White "Gaprindashvili, Valeriane"]
[Black "Momeni, Ebrahim"]
[Result "1/2-1/2"]
[WhiteElo "2466"]
[BlackElo "2190"]
[PlyCount "72"]
[EventDate "2006.01.24"]
[EventType "swiss"]
[EventRounds "9"]
[EventCountry "IRI"]
[SourceTitle "CBM 110 Extra"]
[Source "ChessBase"]
[SourceDate "2006.03.10"]
[SourceVersion "2"]
[SourceVersionDate "2006.03.10"]
[SourceQuality "1"]

1. d4 d5 2. c4 c6 3. e3 Nf6 4. Nf3 a6 5. a4 e6 6. Nbd2 Nbd7 7. Bd3 Be7 8. 0-0 0-0 9. e4 dxe4 10. Nxe4 Nxe4 11. Bxe4 Nf6 12. Bc2 c5 13. Qe2 cxd4 14. Rd1 Qc7 15. Rxd4 b6 16. Bf4 Qc5 17. Rad1 Bb7 18. Ne5 Rfd8 19. Qe3 Rxd4 20. Qxd4 Qxd4 21. Rxd4 Rc8 22. b3 Bc5 23. Rd1 h6 24. Be3 Bxe3 25. fxe3 Kf8 26. Rd6 Rc5 27. Rxb6 Rxe5 28. Rxb7 Rxe3 29. Kf1 Rc3 30. Bd1 Ne4 31. Ke2 f5 32. Rb6 f4 33. Rxa6 Re3+ 34. Kf1 Nd2+ 35. Kf2 Ne4+ 36. Kf1 Nd2+ 1/2-1/2

[Event "Abu Dhabi op 15th"]
[Site "Abu Dhabi"]
[Date "2005.08.14"]
[Round "1"]
[White "Momeni, Ebrahim"]
[Black "Moradiabadi, Elshan"]
[Result "0-1"]
[WhiteElo "2198"]
[BlackElo "2485"]
[PlyCount "108"]
[EventDate "2005.08.14"]
[EventType "swiss"]
[EventRounds "9"]
[EventCountry "UAE"]
[SourceTitle "CBM 107 Extra"]
[Source "ChessBase"]
[SourceDate "2005.09.01"]
[SourceVersion "1"]
[SourceVersionDate "2005.09.01"]
[SourceQuality "1"]

1. c4 Nf6 2. g3 c6 3. b3 d5 4. Bb2 Bf5 5. Nf3 Nbd7 6. Bg2 e6 7. 0-0 Bd6 8. d3 h6 9. Nbd2 Bh7 10. Re1 0-0 11. e4 dxe4 12. dxe4 e5 13. Qc2 Qe7 14. Rad1 Rfe8 15. Nh4 Ba3 16. Ba1 Bb4 17. Re2 a5 18. Nf1 a4 19. Ne3 axb3 20. axb3 Nc5 21. Bb2 Qc7 22. Nhf5 Ne6 23. Bc3 Bxc3 24. Qxc3 Bxf5 25. Nxf5 c5 26. b4 Nd4 27. Rb2 b6 28. Ne3 Ra4 29. bxc5 Qxc5 30. Qd3 Rea8 31. Rdb1 R8a6 32. Qd1 Ra2 33. h3 g6 34. Kh2 h5 35. Qd2 Rxb2 36. Qxb2 Kg7 37. Ra1 Rxa1 38. Qxa1 Qb4 39. Qc1 Qd6 40. Qb2 Qc5 41. Kh1 Qa5 42. Qc1 Qa2 43. Qe1 Nd7 44. Bf1 Nc5 45. Nd5 Qc2 46. Nxb6 Nxe4 47. Kg2 f6 48. Nd5 Ng5 49. Nb4 Qf5 50. Kh1 Nxh3 51. f4 exf4 52. Qe7+ Kh6 53. gxf4 Nxf4 54. Qe3 Nde6 0-1

[Event "IRI-ch sf"]
[Site "Tehran"]
[Date "2005.08.10"]
[Round "8"]
[White "Momeni, Ebrahim"]
[Black "Soozankar, Amir Mohammad"]
[Result "1/2-1/2"]
[WhiteElo "2198"]
[BlackElo "2251"]
[PlyCount "115"]
[EventDate "2005.08.03"]
[EventType "swiss"]
[EventRounds "9"]
[EventCountry "IRI"]
[SourceTitle "EXT 2006"]
[Source "ChessBase"]
[SourceDate "2005.11.24"]
[SourceVersion "1"]
[SourceVersionDate "2005.11.24"]
[SourceQuality "1"]

1. c4 e5 2. g3 Nc6 3. Bg2 d6 4. Nc3 Be6 5. Nd5 Qd7 6. e3 Nd8 7. b3 c6 8. Nc3 d5 9. cxd5 cxd5 10. d4 e4 11. Nge2 Rc8 12. Bd2 Ba3 13. Rb1 Bd6 14. b4 Ne7 15. Qa4 Qxa4 16. Nxa4 b6 17. 0-0 Rc2 18. Rb2 Rxb2 19. Nxb2 Kd7 20. Rc1 Nb7 21. f3 f5 22. Nf4 Bxf4 23. gxf4 Nd6 24. a4 Rc8 25. Rxc8 Nexc8 26. b5 exf3 27. Bxf3 Ne4 28. Bxe4 fxe4 29. Bb4 Bg4 30. Kf2 Nd6 31. Bd2 Nc4 32. Nxc4 dxc4 33. Ke1 Ke6 34. Bb4 Kd5 35. Kd2 Bh3 36. Bf8 g6 37. Bg7 Bc8 38. Be5 a6 39. Bc7 axb5 40. axb5 Bd7 41. Bxb6 Bxb5 42. Kc3 Bd7 43. Bd8 h6 44. Kb4 Be8 45. Bh4 Bd7 46. Bf6 h5 47. Bh4 Be8 48. Be1 Bd7 49. Bc3 Be8 50. Ka5 Kc6 51. Ka6 Bd7 52. Ka5 Be8 53. Ka6 Bd7 54. Ka5 Be8 55. Ka6 Bd7 56. Ka5 Be8 57. Kb4 Kd5 58. Ka3 1/2-1/2

[Event "IRI-ch sf"]
[Site "Tehran"]
[Date "2005.08.08"]
[Round "6"]
[White "Momeni, Ebrahim"]
[Black "Mohammadi, HR."]
[Result "1-0"]
[WhiteElo "2198"]
[BlackElo "2328"]
[PlyCount "195"]
[EventDate "2005.08.03"]
[EventType "swiss"]
[EventRounds "9"]
[EventCountry "IRI"]
[SourceTitle "EXT 2006"]
[Source "ChessBase"]
[SourceDate "2005.11.24"]
[SourceVersion "1"]
[SourceVersionDate "2005.11.24"]
[SourceQuality "1"]

1. c4 c5 2. Nc3 Nc6 3. g3 g6 4. Bg2 Bg7 5. e3 Nh6 6. Nge2 Nf5 7. 0-0 Rb8 8. b3 b6 9. Bb2 Bb7 10. d3 0-0 11. Qd2 d6 12. Rfd1 Qd7 13. Rac1 Rbd8 14. Nd5 Ne5 15. d4 cxd4 16. e4 Bh6 17. f4 Ng7 18. Qxd4 Nc6 19. Qc3 f6 20. Ne3 g5 21. f5 Ne5 22. g4 Ne8 23. Qe1 Nc7 24. Bxe5 fxe5 25. Nc3 Bg7 26. Ned5 Na6 27. h4 h6 28. hxg5 hxg5 29. Bf3 Kf7 30. Kg2 Nb8 31. Qe3 Bf6 32. Nxf6 Kxf6 33. Rh1 Rh8 34. Ne2 Rdg8 35. Ng3 Qe8 36. Rxh8 Rxh8 37. Nh5+ Rxh5 38. gxh5 Qf8 39. h6 Qxh6 40. Rh1 Qg7 41. Bh5 Nd7 42. Bg6 Nf8 43. Rh5 Nxg6 44. Qxg5+ Kf7 45. fxg6+ Qxg6 46. Qxg6+ Kxg6 47. Rh4 Kf7 48. Kf3 Ke6 49. Ke3 Kd7 50. Rh1 a5 51. a3 Ba6 52. Rc1 Kc6 53. b4 axb4 54. axb4 Kd7 55. b5 Bb7 56. Kf3 Kc7 57. Re1 Bc8 58. Kg3 Be6 59. Rc1 Bc8 60. Ra1 Bb7 61. Re1 Bc8 62. Kh4 Be6 63. Rc1 Bc8 64. Rc3 Bb7 65. Re3 Kd7 66. Kg5 Ke6 67. Kg6 Ba8 68. Kg7 Bb7 69. Kf8 Kd7 70. Kf7 Kd8 71. Kg6 Kd7 72. Kf5 Bc8 73. Ra3 Kd8+ 74. Kg5 Bb7 75. Re3 Kd7 76. Kg4 Ba8 77. Kf5 Bb7 78. Ra3 Kd8 79. Ra7 Bc8+ 80. Kg6 Be6 81. Ra4 Kd7 82. Kg7 Ke8 83. Rb4 Bg4 84. Ra4 Be6 85. Ra8+ Kd7 86. Ra7+ Kd8 87. c5 dxc5 88. Rb7 c4 89. Rxb6 Bd7 90. Rb7 Kc8 91. Ra7 Bxb5 92. Rxe7 Bc6 93. Rxe5 Kd7 94. Kf6 c3 95. Kf5 Kd6 96. Ra5 c2 97. e5+ Kc7 98. Rc5 1-0

[Event "IRI-ch sf"]
[Site "Tehran"]
[Date "2005.08.05"]
[Round "3"]
[White "Sepehrkhoui, Ardeshir"]
[Black "Momeni, Ebrahim"]
[Result "0-1"]
[WhiteElo "2152"]
[BlackElo "2198"]
[PlyCount "142"]
[EventDate "2005.08.03"]
[EventType "swiss"]
[EventRounds "9"]
[EventCountry "IRI"]
[SourceTitle "EXT 2006"]
[Source "ChessBase"]
[SourceDate "2005.11.24"]
[SourceVersion "1"]
[SourceVersionDate "2005.11.24"]
[SourceQuality "1"]

1. d4 d5 2. Nf3 Nf6 3. c4 c6 4. Nc3 a6 5. e3 b5 6. b3 Bf5 7. Bd3 Bxd3 8. Qxd3 e6 9. Ne5 Bd6 10. f4 b4 11. Na4 Ne4 12. 0-0 0-0 13. Bd2 f5 14. Be1 a5 15. Rc1 Bxe5 16. dxe5 Nd7 17. cxd5 exd5 18. Rxc6 Qe7 19. Qc2 Ra7 20. Bf2 Nb8 21. Rc8 Qd7 22. Rc1 Na6 23. Rc6 Re8 24. Qd3 Nc7 25. Be1 Nc3 26. Rc5 Nxa4 27. bxa4 Rb8 28. Rc6 Ne8 29. g4 g6 30. gxf5 gxf5 31. Bh4 Rbb7 32. R6c2 Rc7 33. Rg2+ Kf8 34. Rf1 Qxa4 35. Kh1 Rg7 36. Bg5 Rg6 37. h4 Ng7 38. Qe2 h5 39. Be7+ Kf7 40. Rxg6 Kxg6 41. Rg1+ Kh7 42. Bf6 Qe8 43. Qg2 Qf7 44. Qe2 Ne8 45. Bd8 Ra8 46. Bb6 Ng7 47. Qb5 Qb7 48. Qc5 Rc8 49. Qxa5 d4+ 50. Kh2 Rc2+ 51. Kg3 d3 52. Qxb4 d2 53. Rd1 Qd5 54. Qd4 Qxa2 55. Kf2 Rc1 56. Ke2 Qb1 57. Rxd2 Rh1 58. Rd1 Rxd1 59. Qxd1 Qxb6 60. Qg1 Qb5+ 61. Kf3 Qb2 62. Qg5 Qh2 63. Qf6 Qg1 64. Ke2 Qg4+ 65. Kd3 Qf3 66. Kd2 Qf2+ 67. Kd3 Qe1 68. Qe7 Qd1+ 69. Kc3 Qe2 70. Qg5 Qxe3+ 71. Kc4 Qe2+ 0-1

[Event "Fajr op 13th"]
[Site "Tehran"]
[Date "2005.02.01"]
[Round "9"]
[White "Momeni, Ebrahim"]
[Black "Abedi, Ali"]
[Result "1-0"]
[WhiteElo "2120"]
[BlackElo "2246"]
[PlyCount "66"]
[EventDate "2005.01.04"]
[EventType "swiss"]
[EventRounds "9"]
[EventCountry "IRI"]
[SourceTitle "CBM 104 Extra"]
[Source "ChessBase"]
[SourceDate "2005.03.01"]
[SourceVersion "1"]
[SourceVersionDate "2005.03.01"]
[SourceQuality "1"]

1. c4 e5 2. Nc3 f5 3. g3 Nf6 4. Bg2 d6 5. d3 Be7 6. e3 0-0 7. Nge2 Qe8 8. 0-0 c6 9. f4 Qh5 10. b4 Be6 11. b5 e4 12. Nd4 Qf7 13. Nxe6 Qxe6 14. Rb1 cxb5 15. Rxb5 Nbd7 16. Nd5 exd3 17. Rxb7 Kh8 18. Nc7 Qf7 19. Nxa8 Nc5 20. Rxa7 Nfe4 21. Bxe4 fxe4 22. Nb6 Qe6 23. Nd5 Bd8 24. Ba3 Qc8 25. Bxc5 Qxc5 26. Ra4 Bf6 27. Qd2 Rb8 28. Rb4 Ra8 29. Rfb1 h6 30. Rb8+ Rxb8 31. Rxb8+ Kh7 32. Nxf6+ gxf6 33. Rb4 Kg6 1-0